Estatísticas para Os 15 principais países afetados pela Covid-19; 27 setembro

Clique aqui para jogar o quiz

Estatísticas Gerais

  • Esse quiz foi jogado 17 vezes
  • A pontuação média é 12 de 24

Estatísticas das Respostas

país% Correto
Brasil
100%
Estados Unidos
100%
Índia
94%
México
88%
Rússia
81%
Argentina
75%
França
75%
Reino Unido
75%
Espanha
69%
Chile
56%
Chile
56%
Colômbia
50%
Irão
50%
Peru
50%
África do Sul
44%
Bangladesh
25%
Catar
25%
Israel
13%
Kuweit
13%
Omã
13%
Bahrein
6%
Costa Rica
6%
Panamá
6%
Armênia
0%

Distribuição das Pontuações

Percentil de Números Respondidos

Porcentagem de Pessoas com Cada Pontuação

Sua Pontuação Histórica

Você não jogou esse quiz